| 000 | 00742nam a22002057a 4500 | ||
|---|---|---|---|
| 999 |
_c2950 _d2950 |
||
| 003 | AR-CdUCM | ||
| 008 | 190305b ||||| |||| 00| 0 spa d | ||
| 040 |
_aMUNICIPALIDAD PROVINCIAL DEL CUSCO _cBIBLIOTECA MUNICIPAL DEL CUSCO |
||
| 082 |
_a869.5682 / _bA69 |
||
| 100 |
_aArguédas, José María _9790 |
||
| 245 | _aIndios, mestizos y señores / | ||
| 260 |
_aLima : _bHorizonte, _c1989. |
||
| 300 |
_a149 paginas ; _c21 cm. |
||
| 505 | _aContenido :El indigenismo en el Perú -- Los doce meses -- El charango -- Carnaval de Namora -- Ritos de la cosecha ... | ||
| 650 |
_aEnsayos peruanos _9233 |
||
| 650 |
_aEnsayos periodístico _910114 |
||
| 650 |
_aIndigenismo en el Perú _910115 |
||
| 942 |
_2ddc _cLIBROS |
||
| 945 |
_apjha _d2019-05-11 |
||